AK’s General Knowledge A-Z #30 - Statistics

General Stats
  • This quiz has been taken 571 times
  • The average score is 19 of 26
Answer Stats
Hint Answer % Correct
O – the only U.S. president who was born in Honolulu Barack Obama
96%
F – deflated tire, or an apartment in the U.K. Flat
96%
G – ______ Shepherd, which is a relatively modern breed of dog despite its wolf-like appearance German
94%
A – ocean where Savage Islands and Tristan da Cunha are located The Atlantic
94%
D – a senior official in charge of a university faculty, or James who died in a car crash in 1955 Dean
93%
U – Thomas More book, or the opposite of dystopia Utopia
93%
V – where you can find the world’s smallest standing army, the Swiss Guard Vatican City
87%
I – setting something apart from others (like an infected person); derived from a word meaning “island” Isolation
86%
J – a Van Halen hit, or what white men can’t do Jump
84%
L – a discharge of electricity, or _________ McQueen in Disney-Pixar film Cars Lightning
81%
H – Moriarty’s enemy with outstanding reasoning skills, who occasionally uses addictive drugs in the absence of stimulating cases Sherlock Holmes
78%
K – first name of NBA star Durant, or the bird in Up who was actually female Kevin
75%
S – to exchange, or a video game console by Nintendo released in 2017 Switch
72%
C – the first ethnically Greek pharaoh who bothered to learn the Egyptian language, along with about dozen other languages Cleopatra
70%
E – country whose capital is Asmara Eritrea
70%
Q – QR code means _____ Response code Quick
69%
W – the world’s largest company by revenue since 2014 Walmart
68%
T – is “vertel” in Afrikaans, or William in Swiss folklore Tell
65%
Z – singer and guitarist Frank who received the Grammy Lifetime Achievement Award posthumously in 1997 Zappa
62%
M – the sacrament of the Eucharist, or one of the fundamental properties of matter Mass
61%
B – popular reality TV format, or the leader of Oceania in Nineteen Eighty-Four Big Brother
60%
N – German philosopher Friedrich who declared God dead in 1882 Nietzsche
60%
Y – supermini/subcompact car sold by Toyota since 1999 Yaris
59%
R – city with name meaning "river of January" (although the river turned out to be a bay) Rio de Janeiro
57%
P – country that has 852 living languages, more than any other country Papua New Guinea
54%
X – a class of starfighter used by the Rebel Alliance in their conflict with the Galactic Empire in Star Wars X-wing fighter
44%
No matching quizzes found
Score Distribution
Percent of People with Each Score
Percentile by Number Answered
Your Score History
You have not taken this quiz